Frontiers of electronic commerce (Record no. 1098)
[ view plain ]
| 000 -LEADER | |
|---|---|
| fixed length control field | 00615 a2200181 4500 |
| 001 - CONTROL NUMBER | |
| control field | 067116 |
| 003 - CONTROL NUMBER IDENTIFIER | |
| control field | OSt |
| 005 - DATE AND TIME OF LATEST TRANSACTION | |
| control field | 20211028165805.0 |
| 008 - FIXED-LENGTH DATA ELEMENTS--GENERAL INFORMATION | |
| fixed length control field | |
| 082 ## - DEWEY DECIMAL CLASSIFICATION NUMBER | |
| Classification number | 650.0284 |
| Item number | K12F |
| 100 1# - MAIN ENTRY--PERSONAL NAME | |
| Personal name | Kalakota, Ravi |
| 245 1# - TITLE STATEMENT | |
| Title | Frontiers of electronic commerce |
| Statement of responsibility, etc | by Ravi Kalakota and Andrew B. Whinston |
| 260 ## - PUBLICATION, DISTRIBUTION, ETC. (IMPRINT) | |
| Place of publication, distribution, etc | New Delhi |
| Name of publisher, distributor, etc | Pearson |
| Date of publication, distribution, etc | 2009 |
| 300 ## - PHYSICAL DESCRIPTION | |
| Extent | 864p. |
| 690 ## - LOCAL SUBJECT ADDED ENTRY--TOPICAL TERM (OCLC, RLIN) | |
| Topical term or geographic name as entry element | Internet; Electronic commerce; Management--Computer network resources; Business enterprises--Computer network resources; Management; Business enterprises |
| 700 ## - ADDED ENTRY--PERSONAL NAME | |
| Personal name | Whinston, Andrew B. |
| 942 ## - ADDED ENTRY ELEMENTS (KOHA) | |
| Source of classification or shelving scheme | Dewey Decimal Classification |
| Koha item type | Books |
| Withdrawn status | Lost status | Source of classification or shelving scheme | Damaged status | Not for loan | Collection code | Home library | Current library | Date acquired | Source of acquisition | Cost, normal purchase price | Total Checkouts | Full call number | Barcode | Date last seen | Date checked out | Price effective from | Koha item type |
|---|---|---|---|---|---|---|---|---|---|---|---|---|---|---|---|---|---|
| Dewey Decimal Classification | General Text Book | Central University Of Rajasthan | Central University Of Rajasthan | 07/03/2012 | CSC | 550.00 | 3 | 650.0284 K12F | 1402 | 21/11/2024 | 08/09/2022 | 02/09/2020 | Books |
